000 00757nam a2200253Ia 4500
003 OSt
005 20220926014035.0
006 a|||||r|||| 00| 0
007 ta
008 220923b |||||||| |||| 00| 0 eng d
037 _cGeneral Book
040 _aRTL
_cRTL
_beng
041 _2eng
_aeng
082 _aX9B.2,W,SSI, K0/EC
110 _aINDIA,COMMERCE AND INDUSTRY (Ministry of-)
_9122823
245 0 _aEstimates committee 1959-60
_b77th report.
260 _aNew York
_bLok Sabha secretariat
_c1960
300 _av,58p.
_ccm.
490 _vPt,1
500 _aAppendix :38-57p.
700 _aINDIA,COMMERCE AND INDUSTRY (Ministry of-)
_9122824
942 _hX9B.2,W,SSI, K0/EC
_cGB
_2CC
999 _c627590
_d627590